[Event "Euwe intern 2008-2009"]
[Site "?"]
[Date "2009.04.02"]
[Round "2.11"]
[White "Ten Hacken, Jos"]
[Black "Witt, Rob"]
[Result "1-0"]
[WhiteElo "2121"]
[BlackElo "2242"]
[Annotator "Witt"]
[PlyCount "81"]
[EventDate "2009.??.??"]

{40z/1.25} 1. d4 Nf6 2. c4 {Ik vroeg hier aan Jos wat hij eigenlijk tegen de
Grunfeld speelde, maar Jos liet niks los.} e6 3. Nc3 Bb4 4. e3 O-O 5. Bd3 d5 6.
Nf3 c5 7. O-O {1.21} Nc6 {1.18} 8. a3 Bxc3 9. bxc3 dxc4 10. Bxc4 Qc7 {De
"Normaalstelling" van het Nimzoïndisch. Ik heb het voor het laatst gespeeld
tegen Donner in het NK 1982 (remise).} 11. Bb2 {1.16 Een van de 10(!)
mogelijke zetten in deze stelling.} ({Zelf had ik in de jaren 70 veel succes
met} 11. Bb5 {met als idee} a6 12. Bd3 {wat beter is dan meteen 11.Ld3.}) 11...
Re8 $6 {1.12' Iedereen speelt hier direct e5 volgens mijn database.} (11... e5
12. h3 Bf5 13. Ba2 Rad8 14. Qe2 Rfe8 15. d5 Rxd5 16. Bxd5 Nxd5 17. Rfd1 Nb6 18.
a4 a6 19. c4 a5 20. Bc3 f6 21. Nd2 Nb4 22. Bxb4 cxb4 23. Rdc1 Rd8 24. c5 Bd3
25. Qe1 Nd5 26. Nb3 h6 27. Ra2 e4 28. Raa1 Ra8 29. Nd4 Rc8 30. Qd2 Kh7 31. f4
Nc3 32. Nb3 Ne2+ 33. Kf2 Nxc1 34. Rxc1 Qd7 {0-1 Kasimdzhanov - Alekseev,
Elista 2008}) 12. Ba2 {Ik gebruik nu voor de volgende 5 zetten heel veel tijd.
Mijn hersens werkten bijzonder traag deze avond.} e5 {1.03} 13. h3 {1.04 Nu
blijkt er geen nadeel te kleven aan mijn Te8.} ({Het zou moeten komen van} 13.
Ng5 Bg4 (13... Nd8 $5) 14. f3 (14. Bxf7+ $2 Qxf7 15. f3 Qg6 $17) 14... Bh5 15.
d5 h6 16. Nh3 $14) ({Op} 13. d5 {plande ik} e4 14. dxc6 (14. Ng5 Ne5) (14. d6
Qb6 15. Ng5 Ne5) 14... exf3 15. Qxf3 Bg4 16. Qg3 Qxc6 $13 ({Maar Rybka geeft
de voorkeur aan} 16... Qxg3 17. hxg3 bxc6)) 13... e4 {54'} 14. Nh2 {1.01 Kwam
voor mij als een verrassing. Mijn eerste gedachte was h5, vervolgens h6 
(Volgens Rybka/Fritz de beste zet) en tenslotte speelde ik} ({Ik hoopte vooral
op} 14. Ng5 Nd8 15. f3 exf3 16. Nxf3 Bxh3 $1 17. gxh3 Qg3+ 18. Kh1 Rxe3 19. Ng1
Ne4 $15) ({En ik verwachtte} 14. Nd2 {waarop ik gepland had} Be6 {en zwart
staat zeker niet minder.}) 14... Bf5 {41'} 15. Ng4 {50' Ook deze zet kwam als
een verrassing, zodat ik weer lang moest nadenken.} ({Ik had me vooral het
hoofd gebroken over} 15. g4 Bg6 16. g5 {en plande uiteindelijk} Bh5 {gevolgd
door Pd7 met onduidelijke stelling.}) 15... Nxg4 $6 {28'} ({Beter was mijn
eerste gedachte} 15... Bxg4 16. hxg4 h6 {en ik heb eigenlijk liever zwart. Het
is lastig voor wit om ruimte te geven aan zijn lopers omdat na d4-d5 er altijd
een mooi paard op e5 komt. Ik weet niet meer waarom ik dit verworpen heb.}) 16.
hxg4 Be6 $2 {26' Ik was een beetje moe geworden van al dat gepieker zonder
duidelijke conclusies. Toen ik hem losliet, zag ik dat het blunder was.} (16...
Bd7 $13) 17. d5 {38'} Red8 {Bittere noodzaak.} ({Mijn bedoeling was} 17... Rad8
$2 18. c4 ({Maar wit speelt natuurlijk} 18. dxe6 $1 {Terwijl Jos nadacht over
17.d5 keek ik nog naar} Rxe6 19. Qc2 Rh6 20. g3 Rd3 {maar dat is niks na} 21.
Qa4 Rxe3 22. Kg2 $18) 18... Bc8 $13) 18. c4 $16 {35' Nu staat wit duidelijk
beter.} Ne7 {24'} 19. f4 {28'} (19. f3 $5 {was misschien nog sterker. Ikwist
nog niet wat ik daarop zou spelen. Misschien ook} f6 (19... Qg3) (19... Ng6)
20. fxe4 Ng6) 19... f6 {22'} ({Rybka/Fritz geven de voorkeur aan} 19... Bc8 {
maar ik wilde mijn loper liever op f7 hebben om met b7-b5 te kunnen werken.})
20. f5 {26' Jos wil pion e4 veroveren, maar dit geeft een deel van het
voordeel weg, dacht ik tijdens de partij. Dat blijkt niet waar te zijn.} (20.
g5 $5 $16 {leek me sterker.}) 20... Bf7 21. Rf4 {23'} ({Gevaarlijk leek me
opnieuw} 21. g5 $5 Qg3 22. gxf6 Qxe3+ 23. Rf2 Nxf5 24. fxg7 {maar na} Nd4 {
heeft zwart ook tegenkansen.}) 21... b5 $1 {20' De beste tegenkans.} (21... h6
22. a4 $16) 22. Rxe4 $2 {22' Consequent, maar nu keren de kansen. Jos had
alsnog moeten kiezen voor} (22. g5 $1 {En zwart staat voor een moeilijke keus.
bijv.} fxg5 (22... bxc4 23. gxf6 Nxd5 24. Qg4 $1 g6 25. fxg6 hxg6 26. Rf2 {
en wit moet gewonnen staan.}) 23. Qg4 $1 {De pointe!} h6 24. f6 Nc8 (24... Ng6
25. Rf2 $5 (25. Rxe4 bxc4 26. Bxc4 Qb7 27. Bc3 Bxd5 28. fxg7) 25... bxc4 26.
Bxc4 $16) 25. cxb5 {is goed voor wit.}) 22... bxc4 23. Bxc4 {21'} Nxd5 {19'}
24. Qe2 {18'} Re8 $1 {18'} 25. Re6 $2 {14' Optimisme of wanhoop? Jos hoopt ten
koste van een kwaliteit met zijn loperpaar nog kansen te krijgen, maar zwart
kot nu op winst te staan.} ({Er was nog niet zoveel aan de hand. Noodzakelijk
was} 25. Rxe8+ Rxe8 26. e4 {en nu misschien} Nf4 {of zijn hier betere zetten?}
27. Qc2 (27. Bxf7+ Qxf7 28. Qf3 Qb7 29. Bxf6 Rxe4 30. Be5 Ne2+ {lijkt iets
beter voor zwart.}) 27... Bxc4 28. Qxc4+ Qf7 29. Rc1 {met onduidelijk spel.}
Rd8) 25... Bxe6 {15'} 26. fxe6 Nb6 27. Ba2 $2 {11' Dit verliest kansloos.} ({
Jos had moeten doorzetten met} 27. g5 $1 Nxc4 {Only move.} (27... fxg5 $2 28.
e7+ {en zwart heeft geen verdediging meer. Bijv.} Kh8 29. Bxg7+ Kxg7 30. Qb2+
Kg6 31. Rf1 Qxe7 32. Bd3+ Kh6 33. Rf6+ Qxf6 34. Qxf6+ Kh5 35. Qf7+ Kh4 36.
Qxh7+ Kg4 37. Qh3#) 28. gxf6 Nxb2 (28... Ne5 29. Bxe5 Qxe5 30. f7+ Kh8 31.
fxe8=Q+ Rxe8 32. Rb1 Qxe6 $17) 29. f7+ Kh8 30. fxe8=Q+ Rxe8 31. Qxb2 Rxe6 $17 {
Zwart heeft goede winstkansen, maar er is nog niks beslist.}) 27... c4 28. Bd4
{10'} ({Ik zou ook hier proberen te schwindelen met} 28. g5 fxg5 29. Qg4 Qe7)
28... Rxe6 $19 {12'} ({Vooral niet eerst} 28... Rac8 29. Rc1 Rxe6 $2 30. Bxb6
Qxb6 31. Rxc4 $13) 29. Rc1 Kh8 (29... Rc6 $5) 30. g5 {8' Beetje laat.} fxg5 31.
Qg4 {6'} Qe7 {9'} (31... Rh6) 32. Rf1 {3'} Re4 {7'} (32... Rxe3 $1 {was wel zo
eenvoudig als ik toch een kwaliteit wil teruggeven.}) 33. Qf5 Rxd4 {6'} 34.
exd4 g6 {4'} 35. Qf3 {2'} Rd8 36. d5 Qe5 37. d6 {1'} Qxd6 {3'} 38. Qf7 Rd7 {2'}
({Handiger was} 38... Qd4+ 39. Kh1 Nd5) 39. Qe8+ Kg7 40. Bb1 {Ik keek een
minuutje naar de stelling, zag dat de zwarte dame geen enkel veld op de
onderste rij hadenspeelde} Re7 $4 {Na enkele seconden ging Jos zijn hand
omhoog, ik dacht dat hij wilde opgeven, maar hij pakte zijn dame en deed} 41.
Qf8# {MAT! Ik kan me niet herinneren dat ik in een serieuze partij ooit mat in
één heb overzien. Het is wel tragisch. Koploper Henk-Jan Visser was afwezig,
nr. 2 Piet van der Weide verloor van Gertjan vd Hoeven, ik zou bij winst vlak
achter Visser hebben gestaan.} 1-0

[Event "Euwe intern 2008-2009"]
[Site "?"]
[Date "2009.04.23"]
[Round "2.14"]
[White "Bolhuis, Ridens"]
[Black "Witt, Rob"]
[Result "0-1"]
[WhiteElo "1943"]
[BlackElo "2242"]
[Annotator "Rob Witt"]
[PlyCount "68"]
[EventDate "2009.??.??"]

{Een verschil van 300 elopunten zegt soms niks. Zie hoe Ridens mij met
creatief openinsspel te lijf gaat. Op zet 20 staat hij min of meer op winst.
Dan hapert de machine in opkomende tijdnood en na nog een paar foutjes weet ik
alsnog te winnen.} 1. Nf3 c5 2. c4 Nc6 3. Nc3 {1.24} e5 {1.22 Ridens vond dit
een dubieuze zet vanwege het gat op d5, maar het is vaak gespeeld door sterke
spelers.} 4. d3 g6 {Ook dit vond Ridens dubieus. Maar als Karjakin dit tegen
Carlsen speelt, kan er niks mis mee zijn.} 5. h4 {1.22 Ik dacht dat Ridens een
solide en rustige speler was, maar hij gaat er hard tegenaan. Met deze zet heb
ik geen partijen kunnen vinden.} ({Karjakin-Carlsen ging verder met} 5. a3 a5
6. e3 f5) 5... h6 6. g4 {1.21} d6 {1.20} 7. g5 hxg5 {1.18} 8. Nxg5 {1.18} Nf6 {
1.16} 9. e3 {1.11} (9. Bg2) 9... Bg4 {1.12} 10. Qb3 {1.09} Rb8 {1.08} (10...
Qd7 $5 {lijt me achteraf beter.}) 11. Bd2 {1.05} a6 {1.07 Op een eventueel Pd5
wilde ik ruilen op d5 en niet mijn a-pion verliezen na Da4+ en Dxa7. Maar
waarschijnlijk waren hier betere zetten, omdat zwart niet hoeft te ruilen op
d5.} (11... Be7 $5) 12. Nd5 Nxd5 (12... Be7) 13. cxd5 Ne7 14. d4 $5 {47' Na
lang nadenken deze verrassende zet.} ({Na het rustige} 14. Be2 Bxe2 15. Kxe2 {
heeft wit misschien een klein plusje.}) 14... cxd4 {1.04} 15. exd4 Bg7 {58'}
16. dxe5 {45'} Bxe5 17. Bd3 {34'} Ng8 $6 {51' Ik vond dat dit paard beter op
f6 kon staan, maar dit kost teveel tijd.} (17... Bh5 {gevolgd door rokade
verdiende de voorkeur.}) ({Direct} 17... O-O {leek me riskant wegens} 18. h5 $1
Bxh5 19. Rxh5 gxh5 20. Qd1 Nxd5 {only move} 21. Qxh5 Nf6 22. Qh6 {en wit heeft
in ieder geval remise en waarschijnlijk meer.}) 18. f3 $1 {26'} Bg3+ {49' Om
te voorkomen dat wit lang gaat rokeren. Toch lijkt dit minder goed, maar na
andere zetten staat wit ook iets beter.} (18... Bh5 19. f4 (19. O-O-O $14)
19... Bg7 20. Bc3 Bxc3+ 21. Qxc3 Qf6 22. Qb4 $14) 19. Kf1 {25'} Bd7 {47'} 20.
Ne4 $1 {20' Gemist. Zwart is in problemen.} Bxh4 {31'} ({Ik dacht lang na over
} 20... Be5 21. f4 Rxh4 22. Rxh4 Qxh4 23. fxe5 {maar zag geen vervolg. Bijv.}
Qh1+ (23... Bh3+ 24. Kg1 $1 (24. Ke2 Bg4+ 25. Ke3 dxe5 $13) 24... Qg4+ 25. Kf2
Qh4+ (25... Qg2+ 26. Ke3 dxe5 {Op andere zetten loopt de koning weg via d4.}
27. Qc3 $1 Qh2 {Dit lijkt nog te gaan, maar nu komt de computerzet} 28. Rh1 $3
{en zwart heeft geen verdediging meer. Bijv.} Qf4+ 29. Ke2 Qg4+ 30. Ke1 Qh4+
31. Nf2 $18) 26. Ng3 dxe5 27. Re1 $18) 24. Kf2 Qh2+ (24... Qxa1 25. Qb4 {
moet winnen voor wit.}) 25. Ke3 dxe5 26. Rf1 f5 27. Nd6+ Kf8 28. Nxf5 gxf5 29.
Bxf5 $16 {Goed voor wit, maar ingewikkeld.}) 21. Nxd6+ {12' Niet slecht
natuurlijk.} ({Maar Rybka en Fritz komen met het verrassend sterke} 21. Qc3 $1
f6 {Gedwongen waardoor Dd8 niet meer Lh4 dekt.} (21... Rh5 22. Qg7 {wint.}) 22.
Be1 (22. Nxd6+ Kf8 23. Bxg6 {is ook sterk.}) 22... Bxe1 23. Rxh8 Bxc3 24. Rxg8+
Kf7 25. Rxd8 Rxd8 26. Nxc3 $18) ({Ik verwachtte} 21. Bg5 {Ridens had die niet
gezien.} Bxg5 22. Rxh8 Kf8 {en zwart heeft enige compensatie voor de kwaliteit.
}) 21... Kf8 22. Nxb7 $6 {10' Dat geeft het grootste deel van het voordeel weg.
} (22. Qb4 $5 $16) (22. Bb4 $5 $16) 22... Qf6 {26'} 23. Be4 $2 {En na deze A
tempo blunder heeft zwart groot voordeel.} (23. Be2 Bb5 $13) (23. Kg2 Ne7 $13)
23... Bb5+ {24' Gemist door Ridens.} 24. Kg2 Rxb7 25. Bb4+ $6 {6'} ({Rybka/
Fritz geven de voorkeur aan} 25. Qa3+ {een lange computervariant is dan} Re7
26. Rac1 Qe5 27. Rc8+ Be8 28. Rh3 Nf6 29. d6 Rd7 30. Qc3 Qe6 31. Rxe8+ Kxe8 32.
Qc8+ Rd8 33. Qxe6+ fxe6 34. Bg5 Nxe4 35. Bxd8 Kxd8 36. fxe4 Bf6 {met gewonnen
eindspel.}) 25... Ne7 {23' Zwart staat op winst.} 26. Qe3 {4'} Rh5 {20'} 27.
Bc3 $2 Qd6 {19'} (27... Rg5+ {was wel zo makkelijk geweest..}) 28. f4 {3'} Nxd5
29. Qd4 {2'} Nxf4+ ({Beter was opnieuw} 29... Rg5+ 30. Kh3 Nxf4+ 31. Kh2 (31.
Kxh4 Ng2+ 32. Bxg2 Qg3#) 31... Bg3+ 32. Kg1 Ne2+ {enz.}) 30. Kf3 Qxd4 {16' De
slapste manier om te winnen.} (30... Be2+ 31. Ke3 Qe7 $19) (30... Nd5 $1 $19)
31. Bxd4 Rd7 32. Bc3 {1'} Ne6 {15'} 33. a4 Ng5+ {13'} 34. Kf4 Nxe4 {En Ridens
feliciteerde me.} 0-1